| 000 | 00580cam a2200181 4500500 | ||
|---|---|---|---|
| 005 | 20260329005835.0 | ||
| 041 | _afre | ||
| 042 | _adc | ||
| 100 | 1 | 0 |
_aLegros, Martin _eauthor |
| 245 | 0 | 0 | _aEn quête de consolation, avec “Intérieur nuit” de Nicolas Demorand |
| 260 | _c2025. | ||
| 500 | _a48 | ||
| 690 | _aConsolation | ||
| 690 | _aLivre | ||
| 690 | _aMartin Legros | ||
| 786 | 0 | _nPhilosophie magazine | 189 | 5 | 2025-05-01 | p. 48-48 | 1951-1787 | |
| 856 | 4 | 1 | _uhttps://shs.cairn.info/magazine-philosophie-magazine-2025-5-page-48?lang=fr&redirect-ssocas=7080 |
| 999 |
_c1847176 _d1847176 |
||